Missing Word: Best Albums of the '80s Quiz Stats

 Plays Quiz Updated Oct 11, 2017

Score 0/20 Timer 03:00
0 Plays Today
Album Word % Correct
____ in the U.S.A.Born
96.6%
Purple ____Rain
95%
Back in _____Black
93.8%
The ______ TreeJoshua
86.7%
______ CallingLondon
84.3%
Private ______Dancer
79.9%
________ for DestructionAppetite
76.9%
____ 'Em AllKill
61.4%
Full ____ FeverMoon
44%
It Takes a ______ of Millions to Hold Us BackNation
33.6%
Album Word % Correct
Double _______Fantasy
33%
______ YouTattoo
30.6%
Remain in _____Light
21.8%
Midnight ____Love
20.6%
_____ out the LightsShoot
16.6%
How Will the ____ Survive? Wolf
16.2%
Rain ____Dogs
15.7%
______ and DustDiesel
14.5%
Get _____!Happy
12.9%
New ____York
11.9%

Today's Daily Dose

Missing Word
Arizona A-Z

Word Ladder
Greek Letters II

Get the Picture
US National Parks

You're not logged in!

Compare scores with friends on all Sporcle quizzes.
OR
Log In

You Might Also Like...

Show Comments

Extras

Top Quizzes Today


Score Distribution

Your Account Isn't Verified!

In order to create a playlist on Sporcle, you need to verify the email address you used during registration. Go to your Sporcle Settings to finish the process.

Report this User

Report this user for behavior that violates our Community Guidelines.

Details: